000 00672nam a2200241Ia 4500
003 OSt
005 20221007063456.0
006 a|||||r|||| 00| 0
007 ta
008 221006b |||||||| |||| 00| 0 eng d
024 _a27,777
037 _cReports / Technical Reports
040 _aFLL
_cFLL
_beng
041 _2eng
_aeng
082 _aZ73y7, J2
100 _aJones Harry W.
_9684328
245 0 _aMaterials for legal method
250 _a2nd
260 _aBrooklyn
_bThe Foundation Press, Inc. Brooklyn
_c1952
300 _axiv, 607p
_ccm.
942 _hZ73y7, J2
_cREP
_2CC
999 _c1131327
_d1131327